[Event "17th Delhi GM Open 2019"]
[Site "Delhi"]
[Date "2019.01.15"]
[Round "9"]
[White "Karthik Venkataraman"]
[Black "Sidhant, Mohapatra"]
[Result "1-0"]
[WhiteElo "2515"]
[BlackElo "2344"]
[Annotator "TA"]
[PlyCount "79"]
[EventDate "2019.01.09"]
[EventType "swiss"]
[EventCountry "IND"]
[SourceTitle "playchess.com"]
[Source "ChessBase"]
[SourceQuality "1"]

{[%evp 18,79,11,12,8,0,52,8,30,33,30,26,56,56,57,16,21,0,53,0,0,0,12,-10,-9,-6,0,-7,49,0,4,-11,27,0,9,-17,31,4,18,25,30,31,41,-8,0,0,37,17,15,-27,0,-164,83,35,96,88,281,140,181,184,330,290,696,658]} 1. Nf3 d5 2. e3 Nf6 3. c4 e6 4. Nc3 Be7 5. b3 b6 (5... O-O 6. Bb2 c5 7. cxd5 Nxd5 8. h4 b6 9. Qb1 h6 10. g4 Bb7 11. Rh3 Nd7 12. g5 h5 13. Bd3 Nb4 14. Bh7+ Kh8 15. Be4 Nd5 {1-0 (24) Nepomniachtchi,I (2768)-Bacrot,E (2678) Batumi 2018}) 6. Bb2 {A17: English Opening: 1...Nf6 with ...Bb4} Bb7 7. cxd5 exd5 8. d4 O-O 9. g3 Nbd7 10. Bg2 {LiveBook: 4 Games} Ne4 11. O-O a6 (11... Nxc3 $11 12. Bxc3 Nf6) 12. Rc1 Ndf6 $146 ({Predecessor:} 12... f5 13. Ne2 Bd6 14. Ne1 Re8 15. Nd3 Rc8 16. Rc2 Qe7 17. Qc1 Qf7 18. Ba3 Bxa3 19. Qxa3 {1-0 (51) Breitwieser,J (1931)-Reitz,P (1780) Frankfurt 2014}) 13. Ne2 Bd6 14. Nf4 Nd7 15. Ne5 Qe8 {[%cal Rd7e5]} 16. Nc6 Nb8 $1 17. Ne5 Nd7 18. Nfd3 (18. Qc2 $14) 18... f6 $11 19. Nc6 Nb8 20. Ncb4 Qe7 (20... a5 $5 21. Nc2 $8 Nc6 $11) 21. Nc2 Nd7 22. Re1 Qe8 (22... a5 $11) 23. Rf1 Qe7 24. Re1 Kh8 25. Rf1 Kg8 26. Re1 {[%cal Bf1e1,Be1e2,Be2c2][%mdl 32]} Kh8 27. Re2 a5 28. Nce1 a4 29. b4 Rfe8 30. a3 Qf7 31. Rec2 Nf8 32. Nf4 Ba6 33. f3 {[%cal Bf2f3,Bf3f4][%mdl 32]} Ng5 (33... Bxf4 $5 34. exf4 Nd6 $14) 34. h4 $2 (34. Qd2 $11 {and White stays safe.}) 34... Nge6 $2 (34... Rxe3 $19 {...Bxf4 is the strong threat.} 35. hxg5 fxg5) 35. Nxd5 $16 {Hoping for f4.} Bxg3 ({Black should try} 35... Qg6 $1 $14) 36. f4 $1 $36 {[%cal Rf4f5][%mdl 2048] Strongly threatening f5. White is in control.} f5 $2 {[#]} (36... Rad8 $16 {was necessary.}) 37. Nxc7 (37. Nf3 $1 $18 {[%cal Rf3e5] Black must now prevent Ne5.} Nd7 38. Nxc7 Nxc7 39. Rxc7) 37... Nxc7 38. Rxc7 Qf6 (38... Re7 $142) 39. Qd2 Qxh4 $2 {[#]} (39... Bxe1 40. Rxe1 Qd6) 40. Nf3 $1 {Precision: White = 34%, Black = 30%.} 1-0

[Event "17th Delhi GM Open 2019"]
[Site "Delhi"]
[Date "2019.01.15"]
[Round "9"]
[White "Gukesh D"]
[Black "Sharma, Dinesh K."]
[Result "1-0"]
[WhiteElo "2497"]
[BlackElo "2303"]
[Annotator "TA"]
[PlyCount "51"]
[EventDate "2019.01.09"]
[EventType "swiss"]
[EventCountry "IND"]
[SourceTitle "playchess.com"]
[Source "ChessBase"]
[SourceQuality "1"]

{[%evp 16,51,33,25,73,69,58,69,60,62,51,32,49,50,52,50,117,87,100,50,502,490,649,512,508,506,1419,1419,1381,1396,1406,1404,1354,1345,1345,1312,1202,1033]} 1. e4 e6 2. d4 d5 3. Nd2 Be7 4. e5 c5 5. c3 Nc6 6. Bd3 {C03: French Tarrasch: Unusual Black 3rd moves} cxd4 7. cxd4 Qb6 8. Ndf3 Nh6 9. Ne2 {LiveBook: 10 Games} f6 10. exf6 Bxf6 11. O-O Nf7 $146 ({Predecessor:} 11... Bd7 12. Rb1 {½-½ (32) Gharamian,T (2657)-Braun,A (2549) Germany 2014}) 12. Nf4 Nxd4 13. Nh5 Nxf3+ 14. Qxf3 Be5 ({Don't go for} 14... Bxb2 $2 15. Rb1 $18) 15. Be3 {[%mdl 1024] White has compensation.} Qd8 (15... d4 $14 16. Bd2 g6 17. Nf6+ Bxf6 18. Qxf6 O-O) 16. Bc5 $36 {[%mdl 2048] White is on the roll.} Bd7 17. Rfe1 {[#] Black must now prevent Rxe5!} Qc7 $2 {[%mdl 8192]} (17... Qg5 $1 $14) 18. Rac1 $18 {White is clearly winning.} Rc8 {With the idea ...b6.} 19. Qg4 g6 {[#]} 20. Ng7+ $1 {[%mdl 512]} Bxg7 (20... Kd8 $142 21. Nxe6+ Bxe6 22. Qxe6 Re8 23. Qxd5+ Qd7 24. Qxd7+ Kxd7 25. Bb5+ {[%mdl 64] Skewer} Rc6 26. Bxc6+ Kxc6 27. Bxa7+ {[%mdl 64] Discovered Attack} Kd7) 21. Rxe6+ Kd8 22. Be7+ {[%mdl 64] Discovered Attack} Ke8 23. Bd6+ Kd8 24. Bxc7+ Rxc7 25. Rxc7 Kxc7 26. Qf4+ {[%mdl 64] Double Attack. Accuracy: White = 93%, Black = 26%.} 1-0

[Event "17th Delhi GM Open 2019"]
[Site "Delhi"]
[Date "2019.01.15"]
[Round "9"]
[White "Harsha Bharathakoti"]
[Black "Siva Mahadevan"]
[Result "1-0"]
[WhiteElo "2481"]
[BlackElo "2333"]
[Annotator "TA"]
[PlyCount "83"]
[EventDate "2019.01.09"]
[EventType "swiss"]
[EventCountry "IND"]
[SourceTitle "playchess.com"]
[Source "ChessBase"]
[SourceQuality "1"]

{[%evp 16,83,0,0,28,27,41,49,325,0,44,0,58,33,41,36,38,47,49,20,45,7,6,0,0,0,695,0,0,0,36,0,0,0,31,34,171,185,180,167,194,199,215,193,175,180,246,221,235,280,291,260,478,391,385,373,523,508,608,535,551,520,29984,29985,29986,5485,29995,29988,29988,29989]} 1. c4 Nf6 2. Nc3 e6 3. e4 e5 4. Nf3 Nc6 5. d4 (5. Be2 Bb4 6. Nd5 Bc5 7. d3 h6 8. a3 d6 9. b4 Bb6 10. Nxb6 axb6 11. Bb2 O-O 12. O-O Re8 {½-½ (40) Delchev,A (2598)-Papaioannou,I (2632) Porto Rio 2015}) 5... Bb4 6. dxe5 {A18: English Opening: Flohr-Mikenas System (1 c4 Nf6 2 Nc3 e6 3 e4)} Nxe4 7. Qc2 Nf6 8. Qd1 Ne4 9. Qc2 {LiveBook: 3 Games} Nxc3 (9... Nf6 {seems wilder.}) 10. bxc3 Be7 11. Bd3 Bb4 $146 {[%mdl 8192]} (11... h6 $14) ({Predecessor:} 11... h6 12. O-O O-O 13. Qe2 f5 14. exf6 Bxf6 {1-0 (24) Pevzner,L (2395)-Sidorov,A (2438) Krasnoyarsk 2007}) 12. Bf1 $2 (12. cxb4 $18 Nxb4 13. Qe2 Nxd3+ 14. Qxd3) 12... Be7 $14 13. Bd3 d6 (13... Bb4 $11) 14. exd6 $1 Qxd6 15. O-O h6 16. Rb1 O-O 17. Be4 Rb8 18. Rb5 a6 19. Rd5 Qf6 $1 20. Re1 Qd6 $2 {[%mdl 8192]} (20... Re8 $11) 21. Rf1 $2 ({White should try} 21. Rxd6 $18 Bxd6 22. Be3) 21... Qf6 $11 22. Re1 $36 {[%mdl 2048] White fights for an advantage.} Be6 23. Rh5 {Black must now prevent Bg5!} Bg4 $1 {[%cal Rg4h5]} 24. Rd5 Be6 25. h3 Bd6 (25... Bxd5 $14 26. cxd5 Na5) 26. Rh5 $1 $18 Bf4 {[#]} 27. Ng5 $1 {[%cal Rg5h7][%mdl 512]} g6 (27... Bxg5 28. Bxg5) 28. Nxe6 fxe6 29. Bxg6 {Bxf4 is the strong threat.} Bxc1 30. Rxc1 Kg7 (30... Ne5 $142) 31. Be4 Ne5 32. Re1 {[%cal Bc1e1,Be1e3,Be3g3,Bg3g7][%mdl 32]} Rbd8 33. Re3 c6 $2 (33... Qf4 {is a better defense.} 34. g3 (34. Bxb7 Rd1+ 35. Qxd1 Qxf2+ 36. Kh2 Qxe3 $16) 34... Rd1+ 35. Kg2 {[#]} (35. Qxd1 Qxf2+ 36. Kh1 Qxe3 $11) 35... Qxe3 $1 {[%mdl 512]} 36. fxe3 Nxc4) 34. Rg3+ Kf7 35. Qe2 Ke7 (35... Rg8 $142 36. Re3 (36. Rxe5 Rxg3 37. Qh5+ Rg6 $16) 36... Rg5 37. Rxg5 Qxg5) 36. Bc2 Nxc4 37. Qxc4 Qxf2+ 38. Kh2 Qxc2 (38... Rd7 $18 39. Qb4+ Kd8 40. Rxh6 Qf4 41. Rxe6 Rd2 42. Qxf4 Rxf4) 39. Rg7+ Rf7 40. Qc5+ (40. Qh4+ $142 Ke8 41. Rg8+ Rf8 42. Rxf8+ Kxf8 43. Qxd8+ Kf7 44. Qd7+ Kg8 45. Qxe6+ Kg7 46. Rxh6) 40... Kf6 41. Qe5+ Ke7 42. Qc7+ {Precision: White = 55%, Black = 33%.} 1-0

[Event "17th Delhi GM Open 2019"]
[Site "Delhi"]
[Date "2019.01.15"]
[Round "9"]
[White "Rahman, Ziaur"]
[Black "Paichadze, Luka"]
[Result "1/2-1/2"]
[WhiteElo "2470"]
[BlackElo "2583"]
[Annotator "TA"]
[PlyCount "116"]
[EventDate "2019.01.09"]
[EventType "swiss"]
[EventCountry "IND"]
[SourceTitle "playchess.com"]
[Source "ChessBase"]
[SourceQuality "1"]

{[%evp 14,116,29,8,17,16,39,36,81,60,61,60,72,22,22,19,22,26,35,27,31,23,37,28,28,19,149,12,62,62,62,60,72,46,122,119,85,85,97,91,66,77,109,0,62,11,109,142,126,137,178,162,171,87,90,86,104,81,132,125,605,27,71,0,135,-43,-43,-164,-89,-156,-105,-185,-87,-90,0,-206,-230,-155,0,0,0,0,0,0,0,0,0,0,0,0,0,0,0,0,0,0,0,0,0,0,0,0,0,0,0]} 1. d4 Nf6 2. Bg5 d5 3. e3 c5 4. Bxf6 gxf6 5. dxc5 e6 6. c4 {D00: 1 d4 d5: Unusual lines} dxc4 7. Nd2 Bxc5 8. Ngf3 {LiveBook: 5 Games. White has an edge.} b6 $146 ({Predecessor:} 8... a6 9. Bxc4 b5 10. Be2 Bb7 11. O-O Nd7 12. a4 b4 13. Rc1 Rg8 {½-½ (31) Ipatov,A (2592)-Alsina Leal,D (2537) Barcelona 2015}) 9. Bxc4 Bb7 10. Qa4+ Kf8 11. O-O Rg8 {Hoping for ...Qxd2!} 12. Rfd1 f5 13. b4 Bd6 14. Be2 Qe7 15. a3 a6 16. Qc2 Nd7 17. Rac1 b5 18. g3 Nf6 19. Nd4 Nd5 (19... Rc8 $11 20. Qd3 Kg7) 20. Nf1 (20. Bf3 $16) 20... Rc8 21. Qxc8+ Bxc8 22. Rxc8+ Kg7 23. Rc6 $1 Bxb4 (23... Be5 $14) 24. axb4 $16 Nxb4 {[#]} 25. Rd6 $1 {[%mdl 512]} Kf6 (25... Qxd6 26. Nxf5+) 26. Nc6 Nxc6 27. Rxc6 Ra8 28. Rcd6 (28. Nd2 $1 $16) 28... Qe8 (28... b4 $11) 29. Rd7 (29. Nd2 $14) 29... Kg6 (29... Qb8 $1 $11) 30. g4 fxg4 31. Bxg4 h5 32. Bf3 Rc8 33. Ra7 ({White should try} 33. h4 $1 $18) 33... h4 34. Rd4 Rc4 {Black wants to play ...Rxd4.} 35. Rdd7 $1 ({Of course not} 35. Rxa6 $6 Rxd4 36. exd4 Qd8 $11) 35... Rc5 ({Better is} 35... h3) 36. Nd2 Qh8 $2 {[%mdl 8192]} (36... Rc1+ $16 37. Kg2 h3+ {[%mdl 64] Decoy} 38. Kxh3 Qh8+ 39. Kg2 Qa1) 37. Rd4 $2 ({Only move:} 37. Rxf7 $18 Rc1+ 38. Kg2 h3+ 39. Kg3 Rg1+ 40. Kf4 e5+ 41. Ke4) 37... Rc1+ $11 38. Nf1 Rc4 (38... h3 $1 $11) 39. Rxc4 $2 (39. Rdd7 $1 $16) 39... bxc4 $15 40. Rc7 {[#]} (40. Rxa6 $15 Qd8 41. Be4+ f5 42. Bf3) 40... c3 (40... Qc3 $1 $19 41. Be2 Qc2 42. Bxc4 a5) 41. Rc5 {[#]} (41. Be4+ $142 Kh6 42. f3) 41... a5 $1 {[%mdl 512]} 42. Rxa5 (42. Bd1 $17) 42... Qc8 (42... Qg7 $19 {has better winning chances. White must now prevent ...c2.} 43. Rc5 Kh6+ 44. Bg2 h3) 43. Be4+ $17 Kf6 (43... f5 $17 44. Bc2 Qb7) 44. Bc2 $2 (44. Ra1 $1 $11 {and White is okay.}) 44... Qg8+ $19 {[%mdl 1024] Black has strong compensation.} 45. Kh1 Qg4 $2 (45... Qb8 $17 {Strongly threatening ...Qb2.} 46. h3 Qb2) 46. e4 $1 $11 {With the idea Ne3.The position is equal.} Qf3+ 47. Kg1 Qg4+ 48. Kh1 Qe2 {[%cal Re2f1]} 49. Ne3 {aiming for h3.} h3 {( -> ...Qe1+)} 50. Ra1 Kg7 51. Kg1 Kf8 52. Rd1 f6 53. Bd3 Qb2 54. Bc2 Qb5 55. Rd3 Qg5+ 56. Kh1 Qf4 57. Kg1 ({Not} 57. Rxc3 $2 Qxf2 58. Bd3 Qxe3 $19) 57... Qg5+ 58. Kf1 Qf4 {Accuracy: White = 42%, Black = 47%.} 1/2-1/2

[Event "17th Delhi GM Open 2019"]
[Site "Delhi"]
[Date "2019.01.15"]
[Round "9"]
[White "Deviatkin, Andrei"]
[Black "Saurabh Anand"]
[Result "0-1"]
[WhiteElo "2461"]
[BlackElo "2210"]
[Annotator "TA"]
[PlyCount "106"]
[EventDate "2019.01.09"]
[EventType "swiss"]
[EventCountry "IND"]
[SourceTitle "playchess.com"]
[Source "ChessBase"]
[SourceQuality "1"]

{[%evp 24,106,-33,-26,-11,-19,16,28,20,20,22,19,26,31,33,30,14,22,38,35,68,63,58,17,8,41,11,23,9,31,24,0,0,0,0,0,0,-29,0,0,0,0,0,-29,-29,-82,-87,-150,-145,-419,-400,-391,-388,-491,-491,-429,-362,-475,-464,-477,-477,-456,-453,-534,-534,-534,-528,-919,-918,-893,-878,-867,-904,-855,-865,-1288,-1200,-849,-1137,-4698,-3964,-5925,-2600,-2430,-1712]} 1. e4 e5 2. Nf3 Nc6 3. Bb5 a6 4. Bxc6 dxc6 5. O-O Bg4 6. h3 h5 7. d3 Qf6 8. Be3 Bxf3 9. Qxf3 Qxf3 10. gxf3 Bd6 11. Nd2 Ne7 12. Rfb1 Ng6 13. b4 {LiveBook: 12 Games. C68: Ruy Lopez: Exchange Variation, sidelines} (13. Kf1 c5 14. Nc4 Be7 15. a3 a5 16. b4 axb4 17. axb4 Rxa1 18. Rxa1 cxb4 19. Ra8+ Bd8 20. Na5 b6 {½-½ (40) Solak,D (2641)-Ding,L (2783) Khanty-Mansiysk 2017}) 13... Kd7 14. Kf1 {[#]} f5 $146 ({Predecessor:} 14... Nf8 15. c3 Ne6 16. Ke2 Rhf8 17. d4 f5 18. d5 cxd5 19. exd5 Nd8 {1-0 (41) Kobalia,M (2630)-Kazhgaleyev,M (2596) playchess.com INT 2004}) 15. Ke2 {The position is equal.} f4 16. Bc5 Nf8 17. Nc4 Re8 18. d4 Ne6 19. Rd1 ({Reject} 19. Nxe5+ Bxe5 20. dxe5 Kc8 $17) 19... exd4 20. Bxd4 {Threatens to win with Bc3.} Nxd4+ 21. Rxd4 b5 22. Na5 Re5 $1 23. Nb7 {Black must now prevent Rg1.} Rb8 $1 {[%cal Rb8b7]} 24. Nc5+ Ke8 25. Nd3 {Strongly threatening Rg1.} c5 $1 {[%cal Rc5d4]} 26. bxc5 Bxc5 27. Rd7 Kxd7 28. Nxe5+ $11 {[%mdl 4096] Endgame KRB-KRN} Ke6 $1 {[%cal Re6e5]} 29. Nd3 Bd6 30. a4 b4 {[%cal Bb5b4,Bb4b3,Bb3b2][%mdl 32]} 31. Rg1 Kf6 32. h4 {Threatening Rg5.} c5 $1 {[%cal Bc7c5,Bc5c4][%mdl 32]} 33. Nb2 b3 34. c3 (34. cxb3 $11 Rxb3 35. Nc4) 34... Be5 $17 35. Kd3 {[#]} c4+ $1 36. Nxc4 $2 {[%mdl 8192]} (36. Kxc4 $17 Ke6 37. Nd3) 36... Rd8+ $19 37. Ke2 Bxc3 38. Rb1 {[#]} b2 $1 {[%mdl 512]} 39. Kf1 (39. Nxb2 Rd2+) 39... Ke6 40. Ke2 Rd4 {Black is clearly winning.} 41. Rxb2 {White wants to play Rb6+.} Rxc4 {KRB-KR} 42. Rb6+ Kf7 43. Kd3 Rc7 44. Rxa6 Bf6 45. a5 Rc3+ 46. Ke2 Rc2+ 47. Kd3 Rxf2 48. e5 Rxf3+ 49. Kd4 Bxh4 50. Ke4 Rf1 51. Kf5 f3 52. e6+ Ke8 53. Ra8+ Bd8 {Accuracy: White = 40%, Black = 83%.} 0-1

[Event "17th Delhi GM Open 2019"]
[Site "Delhi"]
[Date "2019.01.15"]
[Round "9"]
[White "Vignesh N R"]
[Black "Amonatov, Farrukh"]
[Result "0-1"]
[WhiteElo "2461"]
[BlackElo "2621"]
[Annotator "TA"]
[PlyCount "70"]
[EventDate "2019.01.09"]
[EventType "swiss"]
[EventCountry "IND"]
[SourceTitle "playchess.com"]
[Source "ChessBase"]
[SourceQuality "1"]

{[%evp 12,70,38,-5,15,16,12,13,11,16,14,1,0,-43,-25,-27,-25,-34,-32,-41,-49,-75,-67,-53,-63,-84,-87,-85,-86,-86,-86,-91,-93,-94,-95,-85,-85,-96,-79,-124,-117,-157,-66,-153,-72,-127,-139,-140,-133,-124,-127,-121,-128,-121,-112,-308,-309,-325,-322,-294,-265]} 1. e4 c5 2. Nf3 d6 3. d4 cxd4 4. Nxd4 Nf6 5. Nc3 a6 6. h3 e5 7. Nb3 {LiveBook: 218 Games} Nbd7 {B90: Sicilian Najdorf: Unusual White 6th moves, 6 Be3 Ng4 and 6 Be3 e5} (7... Be6 8. f4 exf4 9. Bxf4 Nc6 10. Qe2 Be7 11. O-O-O Qc7 12. g4 O-O 13. g5 Nd7 14. Nd5 Bxd5 15. exd5 {1-0 (36) Safarli,E (2667)-Papaioannou,I (2647) Rio Achaea 2018}) 8. g4 h6 $1 9. Be3 $146 ({Predecessor:} 9. Bg2 b5 10. a4 b4 11. Nd5 Nxd5 12. Qxd5 Qc7 13. Bd2 Bb7 14. Qa5 Qxc2 15. Qxb4 {0-1 (27) Eggleston,D (2389)-Gascon del Nogal,J (2479) Sitges 2017}) 9... b5 {[%cal Bb7b5,Bb5b4][%mdl 32] The position is equal.} 10. a4 b4 11. Nd5 Bb7 12. Bg2 Nxd5 13. exd5 a5 14. c4 bxc3 $1 15. bxc3 Ba6 16. Bf1 Bxf1 17. Kxf1 Be7 18. Qd3 O-O 19. Nd2 Bg5 20. Bxg5 Qxg5 21. Ne4 Qg6 22. Rg1 Nf6 23. Nxf6+ Qxf6 24. Rg3 Rac8 25. Re1 Rc5 26. Re4 Rb8 (26... Qg6 $17 {Hoping for ...Rxc3!} 27. Re2 Rb8) 27. Kg2 {[#]} (27. g5 $1 $15 hxg5 28. Reg4) 27... Qe7 (27... Qg6 $142 $1 28. Re1 Qxd3 29. Rxd3 Kf8) 28. h4 (28. g5 $142) 28... Qb7 $17 ({Don't do} 28... Qxh4 29. g5 $15) 29. c4 {intending g5.} Qb1 30. Qxb1 Rxb1 {KRR-KRR} 31. g5 hxg5 32. hxg5 Rb4 33. Rgg4 $2 {[#]} (33. f4 $17 {is a better defense.}) 33... Rxa4 $19 {Black has a decisive advantage.} 34. Rh4 Rb4 35. Reg4 g6 {Accuracy: White = 44%, Black = 71%.} 0-1

[Event "17th Delhi GM Open 2019"]
[Site "Delhi"]
[Date "2019.01.15"]
[Round "9"]
[White "Karthikeyan, P.."]
[Black "Ameir, Moheb"]
[Result "1-0"]
[WhiteElo "2457"]
[BlackElo "2309"]
[Annotator "TA"]
[PlyCount "56"]
[EventDate "2019.01.09"]
[EventType "swiss"]
[EventCountry "IND"]
[SourceTitle "playchess.com"]
[Source "ChessBase"]
[SourceQuality "1"]

{[%evp 17,56,5,15,-4,2,-8,49,48,40,38,37,0,0,19,0,6,0,20,13,4,254,194,150,147,217,189,276,265,260,254,435,431,605,607,577,604,583,571,808,749,3751]} 1. e4 c5 2. Nf3 e6 3. d4 cxd4 4. Nxd4 Nc6 5. Nc3 Qc7 6. Be3 a6 7. Qf3 {B48: Sicilian: Taimanov: 5 Nc3 Qc7 6 Be3 a6 without Be2} d6 8. O-O-O Bd7 9. g4 b5 {LiveBook: 4 Games} 10. Kb1 b4 $146 ({Predecessor:} 10... Ne5 11. Qg3 b4 12. Nce2 Nf6 13. f3 Nc4 14. Bc1 Rc8 {0-1 (51) Kantans,T (2478)-Potkin,V (2574) Tallinn 2018}) 11. Nce2 $1 Rc8 ({Black should play} 11... Ne5 $11 12. Qg2 Nc4) 12. Nxc6 $1 $14 Bxc6 13. Nd4 Bb7 $1 {[#] And now ...e5 would win.} 14. g5 e5 15. Bh3 $36 {[%mdl 2048] White fights for an advantage.} exd4 16. Bxc8 Qxc8 17. Rxd4 Ne7 18. Rxb4 d5 $2 {[#]} (18... Nc6 $1 $11 {and Black has nothing to worry.} 19. Rb3 Be7) 19. Rd1 Ng6 ({But not} 19... dxe4 $6 20. Qg3 $16) 20. Rb3 {[%cal Bb4b3,Bb3c3,Bc3c4][%mdl 32]} dxe4 (20... Be7 $16) 21. Qg3 $18 Be7 (21... f6 $142) 22. Rc3 Qa8 23. h4 {[%cal Bh2h4,Bh4h5][%mdl 32]} O-O $2 (23... Nf8 {was worth a try.} 24. Rc7 Ne6) 24. h5 {White is clearly winning.} Nh8 (24... Rd8 $142 25. Rxd8+ Qxd8) 25. Rd7 Bb4 26. Rc4 a5 27. a3 Qa6 28. Qc7 ({Weaker is} 28. axb4 Qxc4 29. Qd6 (29. Rxb7 Rc8 $11) 29... Qc8 $16) 28... Bc6 {Accuracy: White = 80%, Black = 33%.} 1-0

[Event "17th Delhi GM Open 2019"]
[Site "Delhi"]
[Date "2019.01.15"]
[Round "9"]
[White "Das, Sayantan"]
[Black "Kathmale, Sameer"]
[Result "0-1"]
[WhiteElo "2451"]
[BlackElo "2312"]
[Annotator "TA"]
[PlyCount "96"]
[EventDate "2019.01.09"]
[EventType "swiss"]
[EventCountry "IND"]
[SourceTitle "playchess.com"]
[Source "ChessBase"]
[SourceQuality "1"]

{[%evp 9,96,9,9,13,36,36,51,43,41,38,41,12,21,11,14,24,19,14,28,20,27,-6,0,0,31,19,7,0,0,0,0,0,0,0,28,0,0,0,25,35,25,24,25,19,27,29,62,9,15,0,0,0,20,0,13,-24,-24,-29,-24,-43,-40,-34,-31,-29,-31,-36,11,-58,0,-24,-37,-50,-13,-413,-413,-402,-389,-1047,-1031,-770,-968,-1307,-524,-29964,-29967,-29987,-29988,-29988,-29988]} 1. e4 c6 2. Nc3 d5 3. Qe2 (3. Nf3 Bg4 4. h3 Bxf3 5. Qxf3 e6 6. Qg3 Ne7 7. d3 Nd7 8. Be2 g6 9. O-O Bg7 10. Kh1 O-O 11. f4 Kh8 12. Bf3 b5 13. a3 a5 {1-0 (69) McShane,L (2672)-Rodshtein,M (2674) Batumi 2018}) 3... dxe4 4. Nxe4 Nf6 5. Nxf6+ gxf6 {LiveBook: 7 Games} 6. g3 {B11: Caro-Kann: Two Knights Variation} Qa5 7. Nf3 Nd7 $146 ({Predecessor:} 7... Bf5 8. c3 Nd7 9. d4 Nb6 10. a4 Be6 {0-1 (50) Burnett,A (2274)-Grishchenko,S (2417) Marianske Lazne 2015}) 8. Bg2 {White is slightly better.} Ne5 9. Nxe5 Qxe5 10. c3 Bg4 {[%csl Gg4][%cal Re5e2] [#]} 11. f3 Be6 12. d4 Qxe2+ 13. Kxe2 h5 14. Be3 Bh6 15. f4 Bc4+ 16. Kf2 e6 17. b3 Bd5 $1 18. Bxd5 (18. c4 {is more complex.} Bxg2 19. Kxg2 O-O-O 20. Rad1 Rd7 21. d5) 18... exd5 19. c4 Kd7 20. Rac1 Bf8 21. f5 Re8 22. Bf4 Ba3 23. Rc2 h4 24. cxd5 hxg3+ 25. Bxg3 Rh5 26. dxc6+ bxc6 27. Kg2 Rxf5 28. Rd1 (28. Rf2 $14 Rxf2+ 29. Kxf2) 28... Rd5 29. Rf2 Be7 30. Rf4 c5 31. Bf2 f5 32. Rd3 Rg8+ 33. Kf1 Rg4 34. Rdf3 Rxf4 35. Rxf4 $15 {[%mdl 4096] Endgame KRB-KRB} Bg5 36. Rf3 cxd4 37. Ke2 Rc5 38. a4 ({White should play} 38. Bxd4 $11 Rc2+ 39. Kd3 Rxa2 40. Rxf5) 38... Rc2+ (38... Bf6 $1 $15) 39. Kf1 Bf6 {aiming for ...Ke6.} 40. Rd3 $1 Kc6 {Strongly threatening ...Kd5.} 41. Rf3 $2 {[%mdl 8192] [#]} (41. Bxd4 $11 {and White is okay.} Bxd4 42. Rxd4 Rxh2 43. Rd8) 41... Be5 $1 $19 42. Rxf5 f6 43. h4 $2 (43. Ke1 Kd5 44. Bh4) 43... Kd5 44. Rf3 Ke4 45. Rh3 Rc3 (45... f5 $142 46. h5 f4) 46. Rh1 {If White can now play Kg2 this consolidates a bit.} Rc1+ {Black mates.} 47. Be1 Bg3 48. Kg2 Rxe1 {Accuracy: White = 44%, Black = 54%.} 0-1

[Event "17th Delhi GM Open 2019"]
[Site "Delhi"]
[Date "2019.01.15"]
[Round "9"]
[White "Shyaamnikhil P"]
[Black "Neelash Saha"]
[Result "1/2-1/2"]
[WhiteElo "2446"]
[BlackElo "2300"]
[Annotator "TA"]
[PlyCount "64"]
[EventDate "2019.01.09"]
[EventType "swiss"]
[EventCountry "IND"]
[SourceTitle "playchess.com"]
[Source "ChessBase"]
[SourceQuality "1"]

{[%evp 15,64,-11,0,0,0,0,11,0,0,0,0,0,10,12,12,12,9,11,18,0,25,18,37,41,43,18,47,0,0,0,22,0,0,3,8,9,12,0,8,4,4,4,8,4,5,0,0,-10,-12,-20,-19]} 1. g3 d5 2. Bg2 Nf6 3. Nf3 e6 4. O-O Be7 5. d3 c5 6. Nbd2 b6 7. e4 Bb7 8. Re1 {A08: King's Indian Attack} Qc7 {LiveBook: 5 Games} (8... Nc6 9. c3 Qc7 10. Nf1 dxe4 11. dxe4 Rd8 12. Qe2 Qc8 13. e5 Ba6 14. Qe3 Nd7 15. Qe4 Nf8 16. Ng5 Bb7 17. Qf4 Bxg5 18. Qxg5 Ng6 19. h4 O-O {1-0 (64) Carlsen,M (2853)-Nakamura,H (2787) chess.com INT 2016}) 9. exd5 Nxd5 $146 ({Predecessor:} 9... Bxd5 10. Ne4 Nbd7 11. Bf4 Qb7 12. Nd6+ Bxd6 13. Bxd6 Rd8 14. c4 Bc6 15. b4 Qc8 {0-1 (35) Sepp,O (2458)-Sulskis,S (2525) Tallinn 2007}) 10. c4 Nf6 11. d4 cxd4 12. Nxd4 Bxg2 13. Kxg2 {[#] Qf3 is the strong threat.} Nc6 14. Nxc6 Qxc6+ 15. Qf3 Rc8 16. b3 Bb4 17. Re2 Bc3 18. Rb1 O-O 19. Qxc6 Rxc6 20. Nf3 Rd8 21. Re3 (21. Ba3 {is interesting.} Ne8 22. Rc1 Bf6 23. h4 Rc7 24. Rd2) 21... Bb4 $1 {The position is equal.} 22. Bb2 Rcd6 23. Re2 R6d7 24. Rc1 Be7 25. Rcc2 Kf8 26. h3 h5 27. Bc1 Rd1 28. Ne5 Rc8 29. Bb2 Nd7 30. Rc1 Rd6 $1 31. Nf3 Nc5 32. Rcc2 Nd3 {Accuracy: White = 44%, Black = 56%.} 1/2-1/2